| 000 | 00757nam a2200169 a 4500 | ||
|---|---|---|---|
| 020 | _a0937040584 | ||
| 082 | 0 | 0 |
_a690.538 _bPRE _cL-NUST, P-04 |
| 245 | 0 | 0 |
_aPrecast prestressed concrete parking structures : _brecommended practice for design and construction / _cPCI Committee on Parking Structures, PCI Committee on Parking Marketing & Promotion. |
| 260 |
_aChicago : _bPrecast/Prestressed Concrete Institute, _cc1997. |
||
| 300 |
_a1 v. (various pagings) : _bill. ; _c28 cm. |
||
| 526 |
_a0 _b0 _c0 _d690_538000000000000_PRE |
||
| 650 | 0 |
_aMCE _9379 |
|
| 650 | 0 |
_aParking garages _xDesign and construction. _945295 |
|
| 710 | 2 |
_aPCI Committee on Parking Marketing & Promotion. _945296 |
|
| 710 | 2 |
_aPCI Committee on Parking Structures. _945297 |
|
| 942 |
_2ddc _cBK |
||
| 999 |
_c548856 _d548856 |
||